000 01183nam a2200325 i 4500
003 DO-SdBPM
005 20260515093418.0
007 ta
008 221109b2021 dr c|||| |||| 00| 0 spa d
020 _a9789945095296
040 _aDO-SdBPM
_bspa
_cBPMSU
_erda
_d
082 0 4 _a920
_bP438Ll 2021
_222
100 _aPérez Ulloa, Kelin,
_d1978-
_eautor
245 1 0 _aLlegó papá :
_bel numerólogo innato /
_cKelin Pérez Ulloa ; corrección de estilo, Rolando Leclerc
250 _a2a ed.
264 _aSanto Domingo :
_b[Editora Centenario] ;
_c2021.
300 _a66 páginas :
_bilustraciones ;
_c22 cm.
336 _2rdacontent
_atexto
_btxt
337 _2rdamedia
_asin mediación
_bn
338 _2rdacarrier
_avolumen
_bnc
500 _aExperto en respuestas rápidas sobre las interrogantes de la vida para beneficio del entorno social.
590 _aInventariado, 2026/VM
600 1 7 _aPérez Ulloa, Kelin
_d1978-
_vAutobiografías.
650 7 _aYoutubers.
_zRepública Dominicana
650 7 _aNumerología
650 7 _aSimbolismo de los números.
700 1 _aLeclerc, Rolando,
_ecorreción
910 _aVMateo V. Control de calidad. BPMSU
942 _2ddc
_cBK
999 _c15845
_d15845